City to Language - Statistics

General Stats
  • This quiz has been taken 168 times
  • The average score is 20 of 30
Answer Stats
City Language % Correct
St. Petersburg Russian
97%
Alexandria Arabic
92%
Jerusalem Hebrew
92%
Quito Spanish
90%
Thessaloniki Greek
89%
Hong Kong Cantonese
88%
Sofia Bulgarian
87%
Ulaanbaatar Mongolian
86%
Gothenburg Swedish
86%
Hanoi Vietnamese
86%
Barcelona Catalan
84%
Antwerp Dutch
82%
Linz German
80%
Busan Korean
76%
Fortaleza Portuguese
74%
Manila Tagalog
74%
Bloemfontein Afrikaans
73%
Nairobi Swahili
71%
Ljubljana Slovene
69%
Lhasa Tibetan
66%
Chennai Tamil
55%
Addis Ababa Amharic
50%
Lahore Punjabi
50%
Wollongong English
49%
Ahmedabad Gujarati
37%
Sherbrooke French
29%
Kano Hausa
28%
Tabriz Azerbaijani
25%
Bangalore Kannada
22%
Dakar Wolof
19%
No matching quizzes found
Score Distribution
Percent of People with Each Score
Percentile by Number Answered
Your Score History
You have not taken this quiz